000 01144nam a2200217Ia 4500
999 _c55878
_d55878
001 22976
003 GE_BSU
005 20230608103304.0
008 181216s ||||ge |||||||||||||| ||geo||
040 _cGE_BSU
041 _ageo
080 _a821.353.1(09)+316(479.22)(09) ა-17
100 _aაბზიანიძე, გიორგი
_918536
245 _aნარკვევები 19 საუკუნის ქართული საზოგადოებრივი აზროვნების ისტორიიდან /
_cგიორგი აბზიანიძე ; რედ. ი. ტყეშელაშვილი.
264 _aთბილისი :
_bსაბჭოთა საქართველო,
_c1959.
300 _a517 გვ. :
_c21 სმ.
541 _h2ლ. 18 თ.
653 _aნარკვევები 19 საუკუნის ქართული საზოგადოებრივი აზროვნების ისტორიიდან
700 _aტყეშელაშვილი, ი.
_eრედაქტორი
_918560
942 _cBK
_2udc